Влияние железнодорожного транспорта на формирование сервисного пространства Монография
Gardado en:
| Autor Principal: | |
|---|---|
| Formato: | Монография |
| Edición: | 1 |
| Series: | Научная мысль |
| Acceso en liña: | https://znanium.com/catalog/document?id=222319 https://znanium.com/cover/0479/479057.jpg |
| Метки: |
Engadir etiqueta
Sen Etiquetas, Sexa o primeiro en etiquetar este rexistro!
|
| LEADER | 01698nam0a2200313 i 4500 | ||
|---|---|---|---|
| 001 | RU\infra-m\znanium\bibl\479057 | ||
| 003 | https://znanium.com/catalog/document?id=222319 | ||
| 005 | 20210809000000.0 | ||
| 010 | |a 978-5-16-010254-2 | ||
| 010 | |a 978-5-16-102161-3 |b электр. издание | ||
| 100 | |a 20210809d2014 m y0rusy0150 ca | ||
| 101 | 0 | |a rus | |
| 102 | |a RU | ||
| 200 | 1 | |a Влияние железнодорожного транспорта на формирование сервисного пространства |e Монография |f Российский университет транспорта (МИИТ) | |
| 205 | |a 1 | ||
| 210 | 1 | |a Москва |c ООО "Научно-издательский центр ИНФРА-М" |d 2015 | |
| 215 | |a 108 с. | ||
| 225 | 1 | |a Научная мысль | |
| 333 | |a Дополнительное профессиональное образование | ||
| 606 | |a Управление (менеджмент) |x Транспортная логистика |2 local | ||
| 608 | |a Монография |2 local | ||
| 675 | |a 668.7(075.4) |z rus | ||
| 686 | |a 65.40 |2 rubbk | ||
| 686 | |a 43.03.01 |2 okso | ||
| 686 | |a 43.04.01 |2 okso | ||
| 700 | 1 | |a Хмелев |b В.В. |g Василий Васильевич |p Российский университет транспорта (МИИТ) | |
| 801 | 0 | |a RU |b Общество с ограниченной ответственностью «ЗНАНИУМ» |c 20140718 |2 rusmarc | |
| 856 | 4 | |a znanium.com |m ebs_support@infra-m.ru |n НИЦ ИНФРА-М |u https://znanium.com/catalog/document?id=222319 | |
| 856 | 4 | 1 | |a znanium.com |d /cover/0479 |f 479057.jpg |q image/jpeg |u https://znanium.com/cover/0479/479057.jpg |